Loading...
| Literature - American | 0 | 4 | 0 | 0 | 40 | 105 | 115.25 | 0 | 0 | 9.90 | 18.41 |
| Fine Arts - Other | 0 | 4 | 0 | 0 | 40 | 75 | 92.75 | 0 | 2 | 16.01 | 33.47 |
| History - European | 0 | 3 | 0 | 0 | 30 | 81 | 99.00 | 0 | 1 | 6.92 | 18.76 |
| Literature - British | 0 | 3 | 0 | 0 | 30 | 54 | 86.00 | 0 | 0 | 12.33 | 11.56 |
| Literature - World/Other | 0 | 3 | 1 | 0 | 25 | 67 | 107.33 | 1 | 1 | 9.50 | 22.81 |
| Social Science | 0 | 2 | 0 | 0 | 20 | 98 | 109.50 | 0 | 0 | 3.25 | 5.91 |
| Fine Arts - Visual | 0 | 2 | 0 | 0 | 20 | 27 | 61.00 | 1 | 1 | 13.76 | 17.50 |
| Geography/Current Events | 0 | 2 | 0 | 0 | 20 | 72 | 75.50 | 1 | 2 | 13.34 | 30.30 |
| Literature - European | 0 | 2 | 0 | 1 | 20 | 103 | 122.50 | 0 | 0 | 2.37 | 6.25 |
| Fine Arts - Classical Music | 0 | 2 | 0 | 0 | 20 | 77 | 93.50 | 0 | 0 | 7.16 | 5.31 |
| Philosophy | 0 | 1 | 0 | 0 | 10 | 121 | 121.00 | 0 | 0 | 0.00 | 2.50 |
| History - American | 0 | 1 | 0 | 0 | 10 | 79 | 79.00 | 0 | 0 | 4.84 | 6.25 |
| Mythology | 0 | 1 | 0 | 0 | 10 | 119 | 119.00 | 0 | 0 | 0.10 | 1.56 |
| Science - Biology | 0 | 1 | 0 | 1 | 10 | 125 | 125.00 | 0 | 0 | 0.00 | 1.25 |
| Religion | 0 | 1 | 1 | 0 | 5 | 128 | 128.00 | 0 | 0 | 0.10 | 4.55 |
| History - Other | 0 | 1 | 1 | 0 | 5 | 89 | 89.00 | 0 | 0 | 2.20 | 4.17 |
| History - World | 0 | 1 | 2 | 1 | 0 | 89 | 89.00 | 0 | 0 | 3.53 | 1.39 |